Gandhi Theory and Practice: (Record no. 205747)

MARC details
000 -LEADER
fixed length control field 00664nam a22002057a 4500
005 - DATE AND TIME OF LATEST TRANSACTION
control field 20240910123028.0
010 ## - LCCN (DPL NO)
LC control number ENG-141709
020 ## - INTERNATIONAL STANDARD BOOK NUMBER
International Standard Book Number 9789382396260
Terms of availability 650.00
035 ## - SYSTEM CONTROL NUMBER
System control number EN-125241
037 ## - SOURCE OF ACQUISITION
Stock number DBAD
082 ## - DEWEY DECIMAL CLASSIFICATION NUMBER
Classification number 340.092
245 ## - TITLE STATEMENT
Title Gandhi Theory and Practice:
Remainder of title Social Impact and Contemporary Relevance/
Statement of responsibility, etc Edited by S.C. Biswas
250 ## - EDITION STATEMENT
Edition statement 2
260 ## - PUBLICATION, DISTRIBUTION, ETC. (IMPRINT)
Place of publication, distribution, etc Shimla
Name of publisher, distributor, etc Indian Institute of Advanced Study
Date of publication, distribution, etc 2015
270 ## - ADDRESS
Address Rashtrapati Nivas,
City Shimla
Postal code 171005
300 ## - PHYSICAL DESCRIPTION
Extent xxix,710p.
Dimensions 25cm(Hb)
500 ## - GENERAL NOTE
General note Includes bibliographical references and indexes
700 ## - ADDED ENTRY--PERSONAL NAME
Personal name Biswas, S.C.
9 (RLIN) 71386
942 ## - ADDED ENTRY ELEMENTS (KOHA)
Source of classification or shelving scheme Dewey Decimal Classification
Item type English Books
Call number suffix GAN
Classification part 340.092
Holdings
Withdrawn status Lost status Not for loan Collection code Home library Current library Date acquired Source of acquisition Cost, normal purchase price Full call number Barcode Copy number Cost, replacement price Koha item type
      Non-fiction Bawana Bawana 10/09/2024 DBAD 650.00 340.092 GAN EN-125241 1 650.00 English Books

© Delhi Public Library
Hit Counter
free hit counter